Dictionary of 21st century energy technologies, financing & sustainability / (Record no. 599546)

000 -LEADER
fixed length control field 00400nam a2200121Ia 4500
008 - FIXED-LENGTH DATA ELEMENTS--GENERAL INFORMATION
fixed length control field 230907s9999||||xx |||||||||||||| ||und||
082 ## - DEWEY DECIMAL CLASSIFICATION NUMBER
Classification number 621.04203
Author Mark BEC
100 ## - MAIN ENTRY--PERSONAL NAME
Personal name Beck, Gene.
9 (RLIN) 115784
245 #0 - TITLE STATEMENT
Title Dictionary of 21st century energy technologies, financing & sustainability /
300 ## - PHYSICAL DESCRIPTION
Extent v, 418 pages ;
650 ## - SUBJECT ADDED ENTRY--TOPICAL TERM
Topical term or geographic name entry element Dictionaries. Dictionaries. Dictionaries. Dictionaries.
9 (RLIN) 115785
942 ## - ADDED ENTRY ELEMENTS (KOHA)
Koha item type Book
Holdings
Withdrawn status Lost status Damaged status Not for loan Permanent Location Current Location Date acquired Total Checkouts Full call number Barcode Date last seen Price effective from Koha item type
        US-Pakistan Center for Advanced Studies in Energy (USPCAS-E) US-Pakistan Center for Advanced Studies in Energy (USPCAS-E) 10/07/2019   621.04203 BEC CAS-E0003645 09/12/2023 09/12/2023 Book
© 2023 Central Library, National University of Sciences and Technology. All Rights Reserved.